ნორმალური ფორმატი
MARC ფორმატი
ჩანაწერი Personal Name
ჩანაწერთა რაოდენობა, რომელიც გამოყენებულია: 7
001 - CONTROL NUMBER
- control field: 249
003 - CONTROL NUMBER IDENTIFIER
- control field: GE_BSU
005 - DATE AND TIME OF LATEST TRANSACTION
- control field: 20190419203246.0
008 - FIXED-LENGTH DATA ELEMENTS
- fixed length control field: 190419|| aca||aabn | a|a d
040 ## - CATALOGING SOURCE
- Original cataloging agency: GE_BSU
- Transcribing agency: GE_BSU
100 ## - HEADING--PERSONAL NAME
- Personal name:
- Relator term: ფუტკარაძე, ნუგზარ
670 ## - SOURCE DATA FOUND
- Source citation: Work cat.: (GE_BSU): გორგოშაძე, მურმან 218, სახელმწიფოსა და სამართლის თეორია (სქემები და განმარტებები): /
